000 00483nam a2200193 a 4500
001 1771666227720
003 YourLibrary
005 20260221150219.0
008 260221s2001##################000#0#eng##
020 _a9781840646771
082 0 4 _a338.6048
_bAMA
100 1 _aColander, David C.,
_eauthor.
245 1 0 _aThe Lost Art of Economics :
260 _c2001.
300 _a203 pages
650 0 _aEconomics.
942 _cENGLISH
040 _aYourLibrary
_beng
_cYourLibrary
999 _c615311
_d615311